Teatro crítico Universal

Gardado en:
Detalles Bibliográficos
Autor Principal: Feijoo, Benito Jerónimo (Author)
Formato: Libro
Idioma:Lingua castelá
Publicado: Madrid La Lectura 1923
Series:Clásicos Castellanos, 48-53
Subjects:
Tags: Engadir etiqueta
Sen Etiquetas, Sexa o primeiro en etiquetar este rexistro!

MARC

LEADER 00000nam a2200000 a 4500
001 UCX5048
003 CL-VaPUC
008 920827e19230000SP |||||||||||||||||spa|d
082 0 4 |a 864  |b FEI  |2 21 
100 0 |a Feijoo, Benito Jerónimo  |e author  |9 321354 
245 1 0 |a Teatro crítico Universal 
300 |a v 
942 |c BK 
945 |d 19920827 00:00:00 
260 |a Madrid  |b La Lectura  |c 1923 
650 0 |a Ensayos españoles  |9 313128 
583 |a last modification  |c 19920827 00:00:00  |k Rodrigo Vera 
490 0 |a Clásicos Castellanos, 48-53 
999 |c 225405  |d 225403 
952 |0 0  |1 0  |4 0  |6 864_000000000000000_FEI_1923  |7 0  |8 A  |9 222894  |a FDOPOS  |b FDOPOS  |d 2019-11-15  |h v.1  |i 2916509  |o 864 FEI 1923  |p 2916509  |r 2025-01-22  |w 2019-11-15  |y BK  |k MLH 
952 |0 0  |1 0  |4 0  |6 864_000000000000000_FEI_1923  |7 0  |8 A  |9 222895  |a FDOPOS  |b FDOPOS  |d 2019-11-15  |h v.2  |i 2916517  |o 864 FEI 1923  |p 2916517  |r 2025-01-22  |w 2019-11-15  |y BK  |k MLH